000
00210 a2200097 4500
001
42163
100
_a
Ohmann, M
245
_a
Inquiry & Expression
260
_a
_b
Harvard University
_c
090
_c
26152
_d
26152
942
_a
NUST-CAE
_c
M
_c
17950
999
_c
277236
_d
277236